Normal view
MARC view
- تأليف: العاملي، بهاء الدين محمد بن حسين ؛ ضبطه وصححه ووضع حواشية: محمد عبد الكريم النمري
Entry Personal Name
001 - CONTROL NUMBER
- control field: 59142
003 - CONTROL NUMBER IDENTIFIER
- control field: JO-AjAnu
005 - DATE AND TIME OF LATEST TRANSACTION
- control field: 20230606083656.0
008 - FIXED-LENGTH DATA ELEMENTS
- fixed length control field: 230606|| aca||aabn | a|a d
040 ## - CATALOGING SOURCE
- Original cataloging agency: JO-AjAnu
- Transcribing agency: JO-AjAnu
100 ## - HEADING--PERSONAL NAME
- Personal name: تأليف: العاملي، بهاء الدين محمد بن حسين ؛ ضبطه وصححه ووضع حواشية: محمد عبد الكريم النمري
670 ## - SOURCE DATA FOUND
- Source citation: Work cat.: (JO-AjAnu)30167: تأليف: العاملي، بهاء الدين محمد بن حسين ؛ ضبطه وصححه ووضع حواشية: محمد عبد الكريم النمري, author, المخلاة